Culture Générale - Série 2657 - Statistiques

Statistiques générales
  • Ce quiz a été pris 76 fois
  • Le résultat moyen est 4 sur 10
Statistiques - réponses
Question Réponse % Correct
Dans quel sport peut-on brandir le bouclier de Brennus ? rugby
88%
Quelle ville était la capitale des Gaules ? Lyon
75%
L’Homme de Vitruve est un célèbre dessin annoté, réalisé vers 1490 à la plume, encre et lavis sur papier, par le peintre florentin .... Léonard de Vinci
69%
Quelle était la profession initiale de Gandhi ? voir photo avocat
54%
Elle a participé à la création de l'État d'Israël, a été ministre des Affaires étrangères, ainsi que la quatrième Première ministre d'Israël du 17 mars 1969 au 11 avril 1974 - prénom et nom Golda Meir
44%
Qui est le dieu de la mort dans la mythologie égyptienne ? Osiris
40%
Fourbi désigne : casse-tête-affaire désordonnée, compliquée, particulièrement ardue.Quelle est l'origine de ce mot ? arabe
31%
Qui est surnommé le « Père de l'Europe » ? prénom et nom Jean Monnet
21%
Sac que le fantassin portait sur le dos, et qui contenait son équipement.- 8 lettres commençant par " h " havresac
18%
Long bâton de marche, ferré à sa base et surmonté d’une gourde ou d’un ornement en forme de pomme, dont se servaient les pèlerins comme soutien et comme arme blanche contre les indésirables. bourdon
1%
Aucun quiz correspondant
Distribution des résultats
% des personnes avec chaque résultat
Percentile par nombre de réponses
Votre historique - résultats
Vous n’avez pas pris ce quiz